Statistiques concernant FC Sochaux Montbéliard 2023/2024

Cliquez ici pour prendre le quiz!

Statistiques générales

  • Ce quiz a été pris 24 fois
  • Le résultat moyen est 16 sur 30

Statistiques - réponses

HintRéponse% Correct
gardienPATOUILLET
92%
attaquantDAHO
85%
attaquantFATAR
85%
milieuHOGGAS
85%
attaquantZOHI
85%
gardienVALETTE
77%
défenseurFONTAINE
69%
défenseurGALVES
69%
milieuLIÉNARD
69%
défenseurVITELLI
69%
défenseurGOMIS
62%
attaquantKOFFI
62%
attaquantLECOLIER
62%
milieuMICHEL
62%
défenseurMOLTENIS
62%
milieuPEREIRA DE SA
62%
défenseurSILVA
62%
milieuVILTARD
62%
milieuACKRA
54%
défenseurDACOSTA
54%
gardienDOSSO
54%
défenseurBASTIAN
46%
attaquantMACALOU
46%
attaquantDOSSOU
38%
milieuKAYEMBE TETE
31%
milieuDRAMMEH
23%
défenseurDIAGNE
8%
attaquantVAZ
8%
milieuPEZARD
0%
défenseurRANGON
0%

Distribution des résultats

Percentile par nombre de réponses

% des personnes avec chaque résultat

Votre développement - résultats

Vous n’avez pas pris ce quiz